书目信息 |
| 题名: |
疯僧点迷:济公全书 卷13
|
|
| 作者: | 佚名 著 | |
| 分册: | ||
| 出版信息: | 吉林 吉林文史出版社 1997.01 |
|
| 页数: | 502页 | |
| 开本: | 32开 | |
| 丛书名: | ||
| 单 册: | ||
| 中图分类: | I242.1 | |
| 科图分类: | ||
| 主题词: | 小说--中国 | |
| 电子资源: | ||
| ISBN: | 7-80626-132-X | |
| 000 | 00563nam0 2200193 45 | |
| 001 | 0011051912 | |
| 005 | 20010605155516.1 | |
| 010 | @a7-80626-132-X@d22.70元 | |
| 100 | @a20001105d1997 km y0chiy0120 ea | |
| 101 | 0 | @achi |
| 105 | @a z 000yy | |
| 200 | 1 | @a疯僧点迷:济公全书 卷13@AFeng Seng Dian Mi:Ji Gong Quan Shu Juan 13@f佚名著@FYi Ming Zhu |
| 210 | @a吉林@d1997.01@c吉林文史出版社 | |
| 215 | @a502页@d32开 | |
| 606 | 0 | @a小说@x中国 |
| 690 | @aI242.1@v3 | |
| 701 | 0 | @a佚名@4著 |
| 801 | @aCN@bPftUser@c20001105 | |
| 905 | @dI242.1@eY532:13@f2@b198433-434 | |
| 疯僧点迷:济公全书 卷13/佚名著.-吉林,1997.01:吉林文史出版社 |
| 502页;32开 |
| ISBN 7-80626-132-X:22.70元 |
| ● |
| 相关链接 |
|
|
|
正题名:疯僧点迷:济公全书卷13
索取号:I242.1/Y532:13
 
预约/预借
| 序号 | 登录号 | 条形码 | 馆藏地/架位号 | 状态 | 备注 |
| 1 | 198433 | 201984335 | 文学库108/108文学库 21排4列2层/ [索取号:I242.1/Y532:13] | 在馆 | |
| 2 | 198434 | 201984344 | 文学库108/108文学库 21排4列2层/ [索取号:I242.1/Y532:13] | 在馆 |